书目信息 |
| 题名: |
尹洙集编年校注
|
|
| 作者: | 尹洙 撰 ;时国强 校注 | |
| 分册: | ||
| 出版信息: | 北京 中华书局 2019 |
|
| 页数: | 13,12,495页 | |
| 开本: | 24cm | |
| 丛书名: | ||
| 单 册: | ||
| 中图分类: | I214.412 | |
| 科图分类: | ||
| 主题词: | 中国文学--zhong guo wen xue--古典文学--注释--北宋 | |
| 电子资源: | ||
| ISBN: | 978-7-101-14202-0 | |
| 000 | 01038nam0 2200265 450 | |
| 001 | 2131060265 | |
| 005 | 20211029202829.0 | |
| 010 | @a978-7-101-14202-0@dCNY128.00 | |
| 100 | @a20200109d2019 em y0chiy0120 ea | |
| 101 | 0 | @achi |
| 102 | @aCN@b110000 | |
| 105 | @ay z 000zy | |
| 106 | @ar | |
| 200 | 1 | @a尹洙集编年校注@Ayin zhu ji bian nian jiao zhu@dThe collation, annotation and chronology of Yin Zhu's works@f(宋)尹洙撰@g时国强校注@zeng |
| 210 | @a北京@c中华书局@d2019 | |
| 215 | @a13,12,495页@d24cm | |
| 300 | @a国家社科基金后期资助项目 | |
| 330 | @a本书以校勘为主,兼及注释,广泛运用版本学、目录学、校勘学、考据学、笺注学等有关知识与方法,对尹洙诗文创作以及相关生平事迹等做全面系统的文献整理。 | |
| 510 | 1 | @aThe collation, annotation and chronology of Yin Zhu's works@zeng |
| 606 | 0 | @a中国文学@Azhong guo wen xue@x古典文学@x注释@z北宋 |
| 690 | @aI214.412@v5 | |
| 701 | 0 | @c(宋)@a尹洙@Ayin zhu@4撰 |
| 702 | 0 | @a时国强@Ashi guo qiang@4校注 |
| 801 | 0 | @aCN@b百万庄@c20211029 |
| 905 | @b1313635-38@dI214.412@e1121@f4 | |
| 尹洙集编年校注=The collation, annotation and chronology of Yin Zhu's works/(宋)尹洙撰/时国强校注.-北京:中华书局,2019 |
| 13,12,495页;24cm |
| 国家社科基金后期资助项目 |
| ISBN 978-7-101-14202-0:CNY128.00 |
| 本书以校勘为主,兼及注释,广泛运用版本学、目录学、校勘学、考据学、笺注学等有关知识与方法,对尹洙诗文创作以及相关生平事迹等做全面系统的文献整理。 |
| ● |
| 相关链接 |
|
|
|
|
正题名:尹洙集编年校注
索取号:I214.412/1121
 
预约/预借
| 序号 | 登录号 | 条形码 | 馆藏地/架位号 | 状态 | 备注 |
| 1 | 1313635 | 213136355 | 第一样本阅览室/ [索取号:I214.412/1121] | 在馆 | |
| 2 | 1313636 | 213136364 | 第二借阅区/ [索取号:I214.412/1121] | 在馆 | |
| 3 | 1313637 | 213136373 | 第二借阅区/ [索取号:I214.412/1121] | 在馆 | |
| 4 | 1313638 | 213136382 | 第二借阅区/ [索取号:I214.412/1121] | 在馆 |